000 01374nam a2200313 i 4500
001 25366
003 ES-MaACL
005 20260215141241.0
007 t|
008 021226s1862 fr ||||1| fre d
100 1 _aArmengaud, Jean-Germain-Désiré,
_d1797-1869
_922939
245 1 4 _aLes reines du monde par nos premiers écrivains /
_couvrage publié sous la direction de M. J.-G.-D. Armengaud,...; [textes de Jules Janin, A. de La Fizelière, Arsène Houssaye, et al.].
260 _aParis :
_bLahure et Cie.,
_c1862.
300 _a1 v. (pag. var.) :
_bil. ;
_c39 cm.
500 _aGrab. xil. intercalados en el texto.
500 _aLa mayor parte de los grabados realizados por Pannemaker de los dibujos de De La Charlerie, Flameng, Rambert, A. de Bar, Catenacci.
650 4 _aCelebridades.
_9139988
700 1 _aJanin, Jules Gabriel,
_d1804-1874
_966026
700 1 _aLa Fizelière, Albert de,
_d1819-1878
_9162569
700 0 _aHoussaye, Arsène.
_964354
700 1 _aLa Charlerie, Hippolyte de,
_d1827-1867
_9162570
700 1 _aFlameng, Léopold.
_9127091
700 1 _aRambert, Charles Désiré (
_d1825-18.)
_9162571
700 1 _aBar, Alexandre de.
_9157103
700 1 _aCatenacci, Hercule (
_d1814-1884)
_9162572
700 1 _aPannemaker, Adolphe François,
_d1822-1900
_9152806
852 _aES-MaACL
_jC-1062
999 _c25366
_d25366